header

Coping, health, and organizations (Record no. 98522)

MARC details
000 -LEADER
fixed length control field 01462nam a2200397Ia 4500
082 04 - DEWEY DECIMAL CLASSIFICATION NUMBER
Classification number 155.9/042
245 00 - TITLE STATEMENT
Title Coping, health, and organizations
260 ## - PUBLICATION, DISTRIBUTION, ETC. (IMPRINT)
Place of publication London ;
-- New York :
Name of publisher Taylor & Francis,
Year of publication c2000.
300 ## - PHYSICAL DESCRIPTION
Number of Pages xx, 301 p.
490 1# - SERIES STATEMENT
Series statement Issues in occupational health
650 #0 - SUBJECT ADDED ENTRY--TOPICAL TERM
Topical Term Job stress.
Topical Term Health.
Topical Term Stress (Psychology)
Topical Term Adjustment (Psychology)
700 1# - ADDED ENTRY--PERSONAL NAME
Personal name Dewe, Philip.
Personal name Leiter, Michael P.
Personal name Cox, Tom,
856 40 - ELECTRONIC LOCATION AND ACCESS
Uniform Resource Identifier http://site.ebrary.com/lib/rucke/Doc?id=10095055

No items available.

© 2026 Rongo University
Contact us: librarian | system librarian | Rongo university